[Event "DVM U16 2007"]
[Site "Uelzen GER"]
[Date "2007.12.29"]
[Round "5"]
[White "Stockhuß, Kevin"]
[Black "Lobmeyer, Fabian"]
[Result "1/2-1/2"]
[Termination "normal"]
[Board "5.2"]
[WhiteElo "1803"]
[BlackElo "1648"]
[WhiteTeam "Brackweder SK"]
[BlackTeam "SV Stuttgart-Wolfbusch"]
[PlyCount "63"]
[BlackFideId "24659681"]
[EventCountry "GER"]
[EventRounds "7"]
[EventType "team-swiss"]
[EventDate "2007.12.26"]

1. d4 Nf6 2. Nc3 d5 3. Bg5 e6 4. Nf3 Nbd7 5. Qd3 Be7 6. e4 dxe4 7. Nxe4 b6 8.
h4 Bb7 9. Nc3 c5 10. O-O-O cxd4 11. Qxd4 O-O 12. Bb5 Nc5 13. Bxf6 Bxf6 14. Qg4
Qc7 15. Na4 Rac8 16. Nxc5 Qxc5 17. Bd3 Bxf3 18. gxf3 Rfd8 19. Qe4 g6 20. h5 Qe5
21. Qxe5 Bxe5 22. hxg6 hxg6 23. c3 Rd6 24. Kc2 Rcd8 25. Bb5 Rxd1 26. Rxd1 Rxd1
27. Kxd1 Kf8 28. Kc2 Ke7 29. Kd3 f5 30. b4 Kd6 31. c4 g5 32. Be8 1/2-1/2

[Event "DVM U16 2007"]
[Site "Uelzen GER"]
[Date "2007.12.29"]
[Round "5"]
[White "Häcker, Katrin"]
[Black "Olyschläger, Richard"]
[Result "1-0"]
[Termination "normal"]
[Board "5.3"]
[WhiteElo "1463"]
[BlackElo "1884"]
[WhiteTeam "SV Stuttgart-Wolfbusch"]
[BlackTeam "Brackweder SK"]
[PlyCount "51"]
[WhiteFideId "24667986"]
[BlackFideId "24630209"]
[EventCountry "GER"]
[EventRounds "7"]
[EventType "team-swiss"]
[EventDate "2007.12.26"]

1. e4 c6 2. d4 d5 3. Nc3 dxe4 4. Nxe4 Nf6 5. Nxf6+ gxf6 6. Nf3 Bg4 7. Be2 Qc7
8. Be3 Nd7 9. Qd2 O-O-O 10. O-O-O e6 11. Bf4 Bd6 12. Bxd6 Qxd6 13. Qe3 Kb8 14.
Rd3 Rdg8 15. Rhd1 Bf5 16. Ra3 Rxg2 17. d5 Nb6 18. dxe6 Qxe6 19. Qf4+ Ka8 20.
Nd4 Qe5 21. Qxf5 Qxf5 22. Nxf5 Rxf2 23. Rad3 Kb8 24. Bg4 h5 25. Rh3 Rf4 26. Ne3
1-0

[Event "DVM U16 2007"]
[Site "Uelzen GER"]
[Date "2007.12.29"]
[Round "5"]
[White "Wortmann, Jonas"]
[Black "Kachibadze, Georg"]
[Result "0-1"]
[Termination "normal"]
[Board "6.1"]
[WhiteElo "2043"]
[BlackElo "2085"]
[WhiteTeam "SF Limburgerhof"]
[BlackTeam "TuS Makkabi Berlin"]
[PlyCount "88"]
[WhiteFideId "24628069"]
[BlackFideId "24640794"]
[EventCountry "GER"]
[EventRounds "7"]
[EventType "team-swiss"]
[EventDate "2007.12.26"]

1. e4 c5 2. Nf3 Nc6 3. d4 cxd4 4. Nxd4 Nf6 5. Nc3 d6 6. Be3 Ng4 7. Bb5 Nxe3 8.
Nxc6 Nxd1 9. Nxd8+ Kxd8 10. Rxd1 a6 11. Bd3 e6 12. O-O Be7 13. Ne2 Kc7 14. f4
Bf6 15. c3 Rd8 16. e5 Be7 17. Nd4 g6 18. h3 b6 19. Be4 Bb7 20. Bxb7 Kxb7 21.
Nf3 d5 22. Ng5 Rd7 23. Kh2 Bd8 24. Nxh7 Rc8 25. Ng5 b5 26. g4 b4 27. Ne4 Be7
28. Rf2 Rdc7 29. Nd6+ Bxd6 30. exd6 Rd7 31. cxb4 Rxd6 32. Kg3 Rc4 33. a3 Kb6
34. h4 Rd8 35. h5 gxh5 36. gxh5 Rg8+ 37. Kh4 e5 38. Rxd5 Rc1 39. Rh2 exf4 40.
Rf5 f3 41. Kh3 Rcg1 42. Rxf3 R8g5 43. Kh4 R1g4+ 44. Kh3 f5 0-1

[Event "DVM U16 2007"]
[Site "Uelzen GER"]
[Date "2007.12.29"]
[Round "5"]
[White "Kropman, Alexei"]
[Black "Babayev, Husejn"]
[Result "0-1"]
[Termination "normal"]
[Board "6.2"]
[WhiteElo "1912"]
[BlackElo "1859"]
[WhiteTeam "TuS Makkabi Berlin"]
[BlackTeam "SF Limburgerhof"]
[PlyCount "80"]
[WhiteFideId "24670723"]
[BlackFideId "4647599"]
[EventCountry "GER"]
[EventRounds "7"]
[EventType "team-swiss"]
[EventDate "2007.12.26"]

1. e4 c5 2. f4 e6 3. Nf3 Nc6 4. Nc3 a6 5. d3 b5 6. Qe2 Be7 7. g3 Bb7 8. Bg2 d6
9. O-O Nf6 10. Nd1 O-O 11. Nf2 Rc8 12. c3 b4 13. c4 Qb6 14. b3 Qa5 15. g4 Ra8
16. g5 Nd7 17. Bb2 Nd4 18. Nxd4 cxd4 19. Qh5 Qc5 20. Nh1 f6 21. Bh3 f5 22. exf5
exf5 23. Qe2 Rf7 24. Qf2 Qc6 25. Ng3 Nc5 26. Qxd4 Ne6 27. Qf2 Nc5 28. a4 Nxd3
29. Qd2 Nxb2 30. Qxb2 h6 31. gxh6 Bf6 32. Rf2 gxh6 33. Bg2 Qb6 34. Nxf5 Kh8 35.
Rd1 Rd8 36. Qe2 Bc8 37. Qh5 Rh7 38. Qg6 Rf8 39. Bd5 Bd4 40. Rxd4 Bxf5 0-1

[Event "DVM U16 2007"]
[Site "Uelzen GER"]
[Date "2007.12.29"]
[Round "5"]
[White "Babayev, Ramil"]
[Black "Paris, Grigori"]
[Result "1-0"]
[Termination "normal"]
[Board "6.3"]
[WhiteElo "1969"]
[BlackElo "1442"]
[WhiteTeam "SF Limburgerhof"]
[BlackTeam "TuS Makkabi Berlin"]
[PlyCount "65"]
[WhiteFideId "24664243"]
[BlackFideId "24651303"]
[EventCountry "GER"]
[EventRounds "7"]
[EventType "team-swiss"]
[EventDate "2007.12.26"]

1. e4 c5 2. Nf3 d6 3. d4 cxd4 4. Nxd4 Nf6 5. Nc3 g6 6. Bg5 Bg7 7. Bb5+ Bd7 8.
Qe2 a6 9. Bxd7+ Nbxd7 10. f4 Qa5 11. Nb3 Qb4 12. a3 Qb6 13. O-O-O h6 14. Bh4
Nc5 15. Nxc5 Qxc5 16. e5 dxe5 17. fxe5 Nh5 18. Nd5 e6 19. Be7 Nf4 20. Qf3 Qc6
21. Qxf4 exd5 22. Rhf1 Qe6 23. Bd6 Rc8 24. Qa4+ Rc6 25. Qd4 Kd7 26. Qa7 Rhc8
27. Qxb7+ Ke8 28. Rd2 Bf8 29. Rf6 Qxf6 30. exf6 Bxd6 31. g3 Kf8 32. Qd7 Be5 33.
Qe7+ 1-0

[Event "DVM U16 2007"]
[Site "Uelzen GER"]
[Date "2007.12.29"]
[Round "5"]
[White "Sawlin, Leonid"]
[Black "Grimm, Christian"]
[Result "0-1"]
[Termination "normal"]
[Board "6.4"]
[WhiteElo "1520"]
[BlackElo "1531"]
[WhiteTeam "TuS Makkabi Berlin"]
[BlackTeam "SF Limburgerhof"]
[PlyCount "128"]
[WhiteFideId "4689542"]
[BlackFideId "24659592"]
[EventCountry "GER"]
[EventRounds "7"]
[EventType "team-swiss"]
[EventDate "2007.12.26"]

1. e4 c5 2. Nf3 Nc6 3. d4 cxd4 4. Nxd4 g6 5. Nc3 Bg7 6. Be3 Nf6 7. Nb3 O-O 8.
f3 d6 9. Qd2 Bd7 10. O-O-O a5 11. a4 Nb4 12. Kb1 Qe8 13. Bb5 Rc8 14. Rc1 Bxb5
15. Nxb5 Nd7 16. Nxa5 Nc6 17. Nxc6 bxc6 18. Nc3 Ra8 19. Bd4 Ne5 20. f4 c5 21.
Bxe5 dxe5 22. f5 gxf5 23. h4 Qc6 24. h5 Bh6 25. Qf2 Bxc1 26. Kxc1 f4 27. Qf3
Kh8 28. g4 Rg8 29. Rg1 Qf6 30. Nd5 $11 Qh4 31. b3 Rac8 32. h6 Rc6 33. Qc3 Qg5
34. b4 Rgc8 35. b5 Rxh6 36. b6 Rb8 37. Qxc5 e6 38. Qc7 f3+ 39. Kb2 Qd8 40.
Qxd8+ Rxd8 41. Ne3 f5 42. gxf5 exf5 43. a5 fxe4 44. c4 Ra8 45. Nd5 Rd6 46. b7
Rb8 47. Ra1 Rxb7+ 48. Kc2 Ra6 49. Kc3 Kg7 50. Nb4 Ra8 51. Nd5 $11 Kg6 52. Kd2
Rba7 53. Re1 Kf5 54. a6 Rd8 55. Ke3 Rxa6 56. Ne7+ Ke6 57. Nd5 Rxd5 58. cxd5+
Kxd5 59. Rd1+ Ke6 60. Kxe4 f2 61. Rh1 Ra4+ 62. Ke3 Rf4 63. Ke2 f1=Q+ 64. Rxf1
Rxf1 0-1

[Event "DVM U16 2007"]
[Site "Uelzen GER"]
[Date "2007.12.29"]
[Round "5"]
[White "Meißner, Felix"]
[Black "Zhou, Syang"]
[Result "1/2-1/2"]
[Termination "normal"]
[Board "7.1"]
[WhiteElo "2047"]
[BlackElo "1940"]
[WhiteTeam "SC Leipzig-Gohlis"]
[BlackTeam "SF Deizisau"]
[PlyCount "40"]
[WhiteFideId "24671827"]
[BlackFideId "24636126"]
[EventCountry "GER"]
[EventRounds "7"]
[EventType "team-swiss"]
[EventDate "2007.12.26"]

1. e4 c5 2. Nf3 d6 3. Bb5+ Bd7 4. Bxd7+ Qxd7 5. c4 Nc6 6. d4 cxd4 7. Nxd4 Nf6
8. Nc3 g6 9. f3 Nxd4 10. Qxd4 Bg7 11. Be3 O-O 12. Qd3 a6 13. O-O Rac8 14. Rac1
Qc6 15. b3 e6 16. Rfd1 Rfd8 17. Ne2 Qe8 18. Bb6 Rd7 19. Nc3 Rc6 20. Be3 d5
1/2-1/2

[Event "DVM U16 2007"]
[Site "Uelzen GER"]
[Date "2007.12.29"]
[Round "5"]
[White "Früchel, Marcel"]
[Black "Doberitz, Paul"]
[Result "0-1"]
[Termination "normal"]
[Board "7.2"]
[WhiteElo "1761"]
[BlackElo "2077"]
[WhiteTeam "SF Deizisau"]
[BlackTeam "SC Leipzig-Gohlis"]
[PlyCount "58"]
[WhiteFideId "24667218"]
[BlackFideId "24646130"]
[EventCountry "GER"]
[EventRounds "7"]
[EventType "team-swiss"]
[EventDate "2007.12.26"]

1. d4 Nf6 2. c4 c5 3. e3 cxd4 4. exd4 d5 5. Nf3 Nc6 6. h3 g6 7. Nc3 Bg7 8. Be3
O-O 9. Be2 b6 10. O-O Bb7 11. Rc1 Rc8 12. cxd5 Nxd5 13. a3 Nxe3 14. fxe3 e6 15.
Qd3 Qe7 16. Rfe1 Rfd8 17. Qb5 Nb8 18. Qa4 Bc6 19. Qb3 Qb7 20. Rc2 Nd7 21. Rd2
Nf6 22. Qd1 b5 23. Bd3 b4 24. axb4 Qxb4 25. Ne5 Be8 26. Qe2 Nd5 27. Nxd5 Rxd5
28. Bc4 Rxe5 29. Ba6 $11 Rd8 0-1

[Event "DVM U16 2007"]
[Site "Uelzen GER"]
[Date "2007.12.29"]
[Round "5"]
[White "Heistermann, Till"]
[Black "Rempeli, Alex"]
[Result "1/2-1/2"]
[Termination "normal"]
[Board "7.3"]
[WhiteElo "1700"]
[BlackElo "1706"]
[WhiteTeam "SC Leipzig-Gohlis"]
[BlackTeam "SF Deizisau"]
[PlyCount "26"]
[BlackFideId "24645931"]
[EventCountry "GER"]
[EventRounds "7"]
[EventType "team-swiss"]
[EventDate "2007.12.26"]

1. c4 c5 2. Nc3 Nc6 3. g3 g6 4. Bg2 Bg7 5. d3 d6 6. Nf3 Nf6 7. O-O O-O 8. Bd2
Rb8 9. Rb1 a6 10. a3 b5 11. cxb5 axb5 12. b4 cxb4 13. axb4 Bd7 1/2-1/2

[Event "DVM U16 2007"]
[Site "Uelzen GER"]
[Date "2007.12.29"]
[Round "5"]
[White "Rothengaß, Marc"]
[Black "Ohme, Markus"]
[Result "0-1"]
[Termination "normal"]
[Board "7.4"]
[WhiteElo "1485"]
[BlackElo "1239"]
[WhiteTeam "SF Deizisau"]
[BlackTeam "SC Leipzig-Gohlis"]
[PlyCount "62"]
[WhiteFideId "24659606"]
[EventCountry "GER"]
[EventRounds "7"]
[EventType "team-swiss"]
[EventDate "2007.12.26"]

1. e4 a6 2. d4 b5 3. Nf3 Bb7 4. Bd3 Nf6 5. e5 Nd5 6. O-O e6 7. Be4 d6 8. exd6
cxd6 9. Re1 Nd7 10. a4 N7f6 11. Bd3 bxa4 12. Rxa4 Be7 13. c4 Nb6 14. Ra1 O-O
15. b4 Re8 16. Be2 Qc7 17. c5 Nbd5 18. Bd2 Red8 19. Qc1 Ne4 20. Qb2 dxc5 21.
dxc5 Nxd2 22. Nfxd2 Bf6 23. Qa3 Bxa1 24. Qxa1 Nxb4 25. Qc3 Nd5 26. Qa3 Nf4 27.
Bf3 Rac8 28. Bxb7 Qxb7 29. Nf3 Rd3 30. Qa5 Rxf3 31. Rd1 Rd3 0-1

[Event "DVM U16 2007"]
[Site "Uelzen GER"]
[Date "2007.12.29"]
[Round "5"]
[White "Neukötter, Max"]
[Black "Wendling, Hannes"]
[Result "0-1"]
[Termination "normal"]
[Board "8.1"]
[WhiteElo "1936"]
[BlackElo "2146"]
[WhiteTeam "SF Paderborn"]
[BlackTeam "SV Empor Erfurt"]
[PlyCount "86"]
[WhiteFideId "24648108"]
[BlackFideId "24624284"]
[EventCountry "GER"]
[EventRounds "7"]
[EventType "team-swiss"]
[EventDate "2007.12.26"]

1. e4 c5 2. Nc3 b6 3. g3 Bb7 4. Bg2 e6 5. Nf3 g6 6. d4 a6 7. Be3 d6 8. Qd2 Nd7
9. h4 h5 10. Ng5 Nh6 11. f3 Qe7 12. d5 e5 13. a4 Bg7 14. Bh3 Nf8 15. O-O Bc8
16. Rab1 f6 17. Bxc8 Rxc8 18. Nh3 Nf7 19. Kg2 Nd7 20. Ne2 Bh6 21. c4 Bxe3 22.
Qxe3 a5 23. b3 Kd8 24. Kf2 Kc7 25. Ke1 f5 26. Kd2 f4 27. Qf2 g5 28. gxf4 exf4
29. hxg5 Nxg5 30. Nexf4 Ne5 31. Nxg5 Qxg5 32. Qe3 Qf6 33. Rh1 h4 34. Rh3 Rcg8
35. Rbh1 Kd7 36. Ke2 Rg7 37. Ne6 Rf7 38. R3h2 Nxf3 39. Rf2 Qb2+ 40. Kf1 Qb1+
41. Kg2 Rg8+ 42. Ng5 h3+ 43. Kg3 Qxh1 0-1

[Event "DVM U16 2007"]
[Site "Uelzen GER"]
[Date "2007.12.29"]
[Round "5"]
[White "Jacobi, Robin"]
[Black "Dorenkamp, Marc"]
[Result "1/2-1/2"]
[Termination "normal"]
[Board "8.2"]
[WhiteElo "1985"]
[BlackElo "2013"]
[WhiteTeam "SV Empor Erfurt"]
[BlackTeam "SF Paderborn"]
[PlyCount "50"]
[WhiteFideId "24646962"]
[BlackFideId "4647696"]
[EventCountry "GER"]
[EventRounds "7"]
[EventType "team-swiss"]
[EventDate "2007.12.26"]

1. b4 e5 2. Bb2 d6 3. c4 f5 4. e3 Nf6 5. Be2 g6 6. d3 Bg7 7. Nf3 O-O 8. Qb3 Kh8
9. Nc3 h6 10. Nd2 Be6 11. Bf3 c6 12. b5 Qc7 13. Rc1 a6 14. bxc6 bxc6 15. Nd5
Bxd5 16. cxd5 c5 17. Nc4 Nbd7 18. Bc3 a5 19. Qa4 e4 20. Be2 exd3 21. Bxd3 Nxd5
22. Bxa5 Rxa5 23. Qxa5 Qxa5+ 24. Nxa5 Bc3+ 25. Rxc3 Nxc3 1/2-1/2

[Event "DVM U16 2007"]
[Site "Uelzen GER"]
[Date "2007.12.29"]
[Round "5"]
[White "Georgi, Philip"]
[Black "Balßuweit, Michael"]
[Result "1-0"]
[Termination "normal"]
[Board "8.3"]
[WhiteElo "1762"]
[BlackElo "1473"]
[WhiteTeam "SF Paderborn"]
[BlackTeam "SV Empor Erfurt"]
[PlyCount "63"]
[WhiteFideId "4647750"]
[EventCountry "GER"]
[EventRounds "7"]
[EventType "team-swiss"]
[EventDate "2007.12.26"]

1. d4 e6 2. c4 d5 3. Nc3 Nf6 4. Nf3 Bd6 5. Bg5 c6 6. e3 Nbd7 7. Be2 h6 8. Bh4
O-O 9. O-O Qc7 10. c5 Be7 11. Bg3 Qd8 12. h3 b6 13. b4 a5 14. a3 Ba6 15. Qc2
Bxe2 16. Qxe2 Ra7 17. Rfb1 Qa8 18. Qb2 Rb7 19. Qc1 Qa6 20. Qf1 Qxf1+ 21. Kxf1
Ra8 22. Ke2 Kh7 23. Nd2 a4 24. cxb6 Rxb6 25. Rc1 Ra7 26. Nd1 Nh5 27. Bh2 f6 28.
g4 e5 29. gxh5 exd4 30. exd4 Ra8 31. Ne3 Rc8 32. Kd3 1-0

[Event "DVM U16 2007"]
[Site "Uelzen GER"]
[Date "2007.12.29"]
[Round "5"]
[White "König, Tobias Marius"]
[Black "Nonhoff, Marko"]
[Result "0-1"]
[Termination "normal"]
[Board "8.4"]
[WhiteElo "1367"]
[BlackElo "1706"]
[WhiteTeam "SV Empor Erfurt"]
[BlackTeam "SF Paderborn"]
[PlyCount "92"]
[BlackFideId "4648269"]
[EventCountry "GER"]
[EventRounds "7"]
[EventType "team-swiss"]
[EventDate "2007.12.26"]

1. e4 e6 2. Qe2 Be7 3. c4 d5 4. cxd5 exd5 5. exd5 Qxd5 6. Nc3 Qd8 7. Nf3 Nf6 8.
g3 O-O 9. Bg2 Nc6 10. O-O Bc5 11. b3 Re8 12. Qc4 Bb6 13. Bb2 Bf5 14. Rfe1 Qd7
15. Na4 Ne4 16. Nxb6 axb6 17. Nh4 Nd6 18. Qc3 f6 19. Nxf5 Nxf5 20. Bh3 Qd5 21.
Qc2 Nfd4 22. Bxd4 Nxd4 23. Qxc7 Nf3+ 24. Kf1 Nxd2+ 25. Kg1 Nf3+ 26. Kf1 Qd3+
27. Kg2 Nxe1+ 28. Kg1 Qd4 29. Bf1 Qxa1 30. Qxb7 Qd4 31. Qc6 Nd3 32. Qf3 Qxf2+
33. Qxf2 Nxf2 34. Kxf2 Rxa2+ 35. Kf3 Rb2 36. Bc4+ Kf8 37. h4 Rd8 38. Ke3 Ke7
39. Ke4 Kd6 40. Kf5 Re8 41. h5 Re5+ 42. Kg4 Re4+ 43. Kf5 Rxc4 44. bxc4 g6+ 45.
hxg6 hxg6+ 46. Kxf6 Rg2 0-1

[Event "DVM U16 2007"]
[Site "Uelzen GER"]
[Date "2007.12.29"]
[Round "5"]
[White "Hinz, Arne"]
[Black "Moshtael, Wesal"]
[Result "1/2-1/2"]
[Termination "normal"]
[Board "9.1"]
[WhiteElo "1968"]
[BlackElo "2113"]
[WhiteTeam "SG Bochum"]
[BlackTeam "SK Johanneum Eppendorf"]
[PlyCount "137"]
[WhiteFideId "24634875"]
[BlackFideId "24618551"]
[EventCountry "GER"]
[EventRounds "7"]
[EventType "team-swiss"]
[EventDate "2007.12.26"]

1. e4 c5 2. Nc3 Nc6 3. f4 g6 4. Nf3 Bg7 5. Be2 e6 6. O-O Nge7 7. d3 O-O 8. Qe1
Nd4 9. Bd1 Nec6 10. Ne2 b5 11. c3 Nxe2+ 12. Bxe2 d6 13. Be3 b4 14. d4 bxc3 15.
bxc3 cxd4 16. cxd4 d5 17. e5 Bd7 18. Bc1 Qb6 19. Qd2 Rfc8 20. Ba3 Qa5 21. Qxa5
Nxa5 22. Rfc1 Bf8 23. Bxf8 Kxf8 24. Ba6 Rcb8 25. Rc5 Nc6 26. a4 Nb4 27. Bf1 Rc8
28. Rb1 a5 29. Bb5 Bxb5 30. axb5 Rcb8 31. Rb3 Rb6 32. Ra3 a4 33. Nd2 Ra5 34. h4
Rbxb5 35. Rxb5 Rxb5 36. Rxa4 Nc6 37. Nf3 Ke7 38. Kf2 h6 39. Kg3 Rb2 40. Kh3 Rc2
41. Kg3 Kd7 42. Ne1 Re2 43. Nf3 Re4 44. Kg4 Re2 45. Kg3 Rb2 46. Kh3 Rb3 47. Kh2
Kc7 48. Kg1 Kb7 49. Kf2 Rb2+ 50. Kg3 Rc2 51. Ne1 Rc4 52. Rxc4 dxc4 53. Nc2 Kb6
54. Kf3 Kb5 55. Ke3 Ne7 56. g4 Nd5+ 57. Ke4 Ka4 58. f5 Kb3 59. Ne1 c3 60. fxg6
fxg6 61. Kd3 Nb4+ 62. Ke2 c2 63. Kd2 Kb2 64. Nxc2 Nxc2 65. d5 Nb4 66. dxe6 Nc6
67. Kd3 Nxe5+ 68. Ke4 Nxg4 69. e7 {.........} 1/2-1/2

[Event "DVM U16 2007"]
[Site "Uelzen GER"]
[Date "2007.12.29"]
[Round "5"]
[White "Stellfeld, Tilman"]
[Black "Butschek, Marc"]
[Result "0-1"]
[Termination "normal"]
[Board "9.2"]
[WhiteElo "1586"]
[BlackElo "1665"]
[WhiteTeam "SK Johanneum Eppendorf"]
[BlackTeam "SG Bochum"]
[PlyCount "116"]
[WhiteFideId "24651311"]
[BlackFideId "4630904"]
[EventCountry "GER"]
[EventRounds "7"]
[EventType "team-swiss"]
[EventDate "2007.12.26"]

1. d4 d5 2. Nf3 e6 3. g3 Nf6 4. Bg2 c5 5. c4 Nc6 6. O-O Qb6 7. cxd5 exd5 8.
dxc5 Bxc5 9. Nc3 Be6 10. Na4 Qb5 11. Nxc5 Qxc5 12. Be3 Qd6 13. Nd4 O-O 14. Rc1
Rfc8 15. Qb3 Qd7 16. Rfd1 h6 17. Bf4 Nxd4 18. Rxc8+ Rxc8 19. Rxd4 Qc6 20. f3
Qa6 21. Kf2 b6 22. Bf1 Qb7 23. Qd1 a5 24. Bd2 Bf5 25. e3 Rc2 26. b4 Rxa2 27.
Kg1 a4 28. Bd3 Bxd3 29. Rxd3 Qa6 30. Qb1 Ra1 31. Qxa1 Qxd3 32. Qc3 Qxc3 33.
Bxc3 b5 34. Kf2 d4 35. exd4 Nd5 36. Bb2 Nxb4 37. Ke2 Nd5 38. Kd3 Kf8 39. Ke4
Nb6 40. d5 b4 41. Bc1 a3 42. Bd2 b3 43. Bb4+ Ke8 44. Bxa3 Nc4 45. Bc1 b2 46.
Bxb2 Nxb2 47. h4 Ke7 48. h5 Kd6 49. g4 Na4 50. f4 Nc3+ 51. Kf5 Nxd5 52. g5 Ne7+
53. Kg4 Ke6 54. gxh6 gxh6 55. Kf3 Kf5 56. Kg3 Nd5 57. Kh3 Nxf4+ 58. Kh4 f6 0-1

[Event "DVM U16 2007"]
[Site "Uelzen GER"]
[Date "2007.12.29"]
[Round "5"]
[White "Golosnyak, Alexander"]
[Black "Rabinovitch, Alexej"]
[Result "0-1"]
[Termination "normal"]
[Board "9.3"]
[WhiteElo "1390"]
[BlackElo "1674"]
[WhiteTeam "SG Bochum"]
[BlackTeam "SK Johanneum Eppendorf"]
[PlyCount "70"]
[WhiteFideId "24659703"]
[BlackFideId "12921696"]
[EventCountry "GER"]
[EventRounds "7"]
[EventType "team-swiss"]
[EventDate "2007.12.26"]

1. e4 c5 2. Nf3 e6 3. d4 cxd4 4. Nxd4 Nf6 5. Nc3 d6 6. Be3 a6 7. f3 b5 8. Qd2
Nbd7 9. O-O-O Bb7 10. Bd3 Nb6 11. Rhe1 Nfd7 12. g3 Ne5 13. Qf2 Nec4 14. b3 Nxe3
15. Qxe3 Rc8 16. Nb1 d5 17. e5 Qc7 18. Re2 Bc5 19. Nd2 O-O 20. f4 Ba3+ 21. Kb1
Qc3 22. Bxh7+ Kxh7 23. Qxc3 Rxc3 24. N2f3 Rfc8 25. h3 Ba8 26. g4 Nc4 27. bxc4
bxc4 28. Ka1 Bb4 29. Kb1 Rb8 30. Kc1 Ra3 31. Kb2 Ra4 32. Kc1 Rxa2 33. Nd2 Bc3
34. Nb1 Rxb1+ 35. Kxb1 Ra1# 0-1

[Event "DVM U16 2007"]
[Site "Uelzen GER"]
[Date "2007.12.29"]
[Round "5"]
[White "Von Kügelgen, Julius"]
[Black "Ryvkin, Leonid"]
[Result "0-1"]
[Termination "normal"]
[Board "9.4"]
[WhiteElo "1532"]
[BlackElo "1231"]
[WhiteTeam "SK Johanneum Eppendorf"]
[BlackTeam "SG Bochum"]
[PlyCount "114"]
[WhiteFideId "24657468"]
[EventCountry "GER"]
[EventRounds "7"]
[EventType "team-swiss"]
[EventDate "2007.12.26"]

1. e4 Nf6 2. e5 Nd5 3. d4 d6 4. Bc4 Nb6 5. Bb3 dxe5 6. Qh5 e6 7. dxe5 c5 8. Nd2
Nc6 9. Ngf3 g6 10. Qg4 Bg7 11. Ne4 Nxe5 12. Nxe5 Bxe5 13. Bg5 f5 14. Bxd8 fxg4
15. Bf6 Bxf6 16. Nxf6+ Ke7 17. Nxg4 c4 18. O-O-O cxb3 19. axb3 Bd7 20. Rhe1
Rad8 21. Ne5 Bc6 22. f3 Rxd1+ 23. Rxd1 Rd8 24. Re1 Nd5 25. Nd3 Nc7 26. Ne5 Rd5
27. Re2 Ra5 28. Kb1 Ne8 29. Re1 Nf6 30. Re2 Nd7 31. Nd3 Kf6 32. c3 Rh5 33. h3
Rd5 34. Kc2 Ne5 35. Nf2 Rd8 36. f4 Nf7 37. Nd3 Rd5 38. Nb4 Rf5 39. Nd3 e5 40.
g4 Rxf4 41. Nxf4 exf4 42. Kd2 f3 43. Re3 Ng5 44. h4 Nh3 45. Ke1 Nf4 46. Kf2 Ng2
47. Rd3 Nxh4 48. Rd1 Kg5 49. Kg3 Ng2 50. Rh1 h5 51. gxh5 gxh5 52. Rd1 h4+ 53.
Kf2 Kf4 54. Rd4+ Be4 55. Rd8 Ne3 56. Rf8+ Bf5 57. Rh8 Nd1+ 0-1

[Event "DVM U16 2007"]
[Site "Uelzen GER"]
[Date "2007.12.29"]
[Round "5"]
[White "Meier, Lars"]
[Black "Meyer, Jens"]
[Result "1-0"]
[Termination "normal"]
[Board "10.1"]
[WhiteElo "1864"]
[BlackElo "1545"]
[WhiteTeam "SK Gründau"]
[BlackTeam "SC Réti Heusweiler"]
[PlyCount "121"]
[WhiteFideId "24602396"]
[BlackFideId "4657993"]
[EventCountry "GER"]
[EventRounds "7"]
[EventType "team-swiss"]
[EventDate "2007.12.26"]

1. e4 d6 2. d4 g6 3. Be3 Bg7 4. Nc3 Nf6 5. Bd3 Nbd7 6. Nge2 O-O 7. f3 e5 8. Qd2
exd4 9. Nxd4 Re8 10. O-O-O Ne5 11. h4 h5 12. Bg5 Nxd3+ 13. Qxd3 Qd7 14. Rdg1 b6
15. Bxf6 Bxf6 16. g4 hxg4 17. fxg4 Bb7 18. g5 Be5 19. h5 Kg7 20. Nf3 Qe6 21.
Nd5 Bxd5 22. exd5 Qd7 23. hxg6 Rh8 24. Nh4 Kg8 25. Rf1 fxg6 26. Qxg6+ Bg7 27.
Nf5 Rxh1 28. Rxh1 Kf8 29. Rf1 Qf7 30. Qxf7+ Kxf7 31. Nxd6+ Kg6 32. Nb5 Be5 33.
Rg1 a6 34. Nc3 Rd8 35. Rd1 Kxg5 36. Ne2 Re8 37. Nd4 Kf6 38. Nc6 Bf4+ 39. Kb1
Bd6 40. b3 Re2 41. Rf1+ Kg7 42. Nd4 Re5 43. Nf5+ Kg6 44. Nxd6 cxd6 45. c4 Kg7
46. Rf2 a5 47. Kc2 Re4 48. Kd3 Re5 49. Re2 Rxe2 50. Kxe2 Kg6 51. Ke3 Kg5 52.
Kd4 Kf4 53. a3 Kf5 54. b4 Kf6 55. bxa5 bxa5 56. c5 dxc5+ 57. Kxc5 Ke7 58. Kc6
Kd8 59. a4 Kc8 60. d6 Kd8 61. d7 1-0

[Event "DVM U16 2007"]
[Site "Uelzen GER"]
[Date "2007.12.29"]
[Round "5"]
[White "Wilhelm, Robin"]
[Black "Tautz, Hendrik"]
[Result "1/2-1/2"]
[Termination "normal"]
[Board "10.2"]
[WhiteElo "1415"]
[BlackElo "1583"]
[WhiteTeam "SC Réti Heusweiler"]
[BlackTeam "SK Gründau"]
[PlyCount "64"]
[WhiteFideId "4659627"]
[BlackFideId "4677536"]
[EventCountry "GER"]
[EventRounds "7"]
[EventType "team-swiss"]
[EventDate "2007.12.26"]

1. e4 c5 2. Nf3 e6 3. d4 cxd4 4. Nxd4 a6 5. Nc3 d6 6. Be3 Nd7 7. Bd3 Qc7 8. O-O
Ngf6 9. f4 Be7 10. f5 e5 11. Nb3 O-O 12. Qf3 Re8 13. Be2 b6 14. Qg3 Bb7 15. Bh6
Bf8 16. Nd5 Bxd5 17. exd5 Qxc2 18. Bd1 Qxb2 19. Bc1 Ne4 20. Bxb2 Nxg3 21. hxg3
Nf6 22. Re1 Rac8 23. Bf3 Rc2 24. Re2 Rxe2 25. Bxe2 Nxd5 26. Bxa6 Ne3 27. Bb5
Rc8 28. Bd3 h6 29. Rc1 Ra8 30. Bb1 d5 31. Kf2 Nc4 32. Rc2 Ba3 1/2-1/2

[Event "DVM U16 2007"]
[Site "Uelzen GER"]
[Date "2007.12.29"]
[Round "5"]
[White "Hahn, Florian"]
[Black "Wilhelm, Kevin"]
[Result "1-0"]
[Termination "normal"]
[Board "10.3"]
[WhiteElo "1501"]
[BlackElo "1187"]
[WhiteTeam "SK Gründau"]
[BlackTeam "SC Réti Heusweiler"]
[PlyCount "43"]
[WhiteFideId "24659720"]
[EventCountry "GER"]
[EventRounds "7"]
[EventType "team-swiss"]
[EventDate "2007.12.26"]

1. Nf3 d6 2. b3 Nf6 3. e3 g6 4. Bb2 Bg7 5. d4 Bg4 6. Be2 O-O 7. h3 Bf5 8. c4
Nbd7 9. Nc3 c5 10. O-O Qb6 11. Bd3 Bxd3 12. Qxd3 Rfe8 13. Rfe1 e5 14. dxe5 Nxe5
15. Nxe5 dxe5 16. Rad1 Rad8 17. Qc2 Qe6 18. Nb5 Qb6 19. Rxd8 Qxd8 20. Rd1 Qa5
21. Bc3 Qb6 22. Rd6 1-0